[Event "Irena Warakomska Memorial A"]
[Site "Suwalki"]
[Date "2021.07.28"]
[Round "2"]
[White "Sliwicka, Alicja"]
[Black "Socko, Bartosz"]
[Result "0-1"]
[Board "1"]
[WhiteElo "2308"]
[WhiteTitle "WIM"]
[WhiteCountry "POL"]
[WhiteFideId "1150677"]
[WhiteEloChange "-3"]
[BlackElo "2619"]
[BlackTitle "GM"]
[BlackCountry "POL"]
[BlackFideId "1107038"]
[BlackEloChange "1"]

1. e4 {[%clk 1:30:57]} e6 {[%clk 1:30:33]} 2. d4 {[%clk 1:31:21]} d5 {[%clk
1:31:00]} 3. Nc3 {[%clk 1:31:46]} Nf6 {[%clk 1:31:26]} 4. Bg5 {[%clk 1:29:30]}
dxe4 {[%clk 1:31:48]} 5. Nxe4 {[%clk 1:29:37]} Be7 {[%clk 1:32:13]} 6. Bxf6
{[%clk 1:29:46]} gxf6 {[%clk 1:32:37]} 7. Nf3 {[%clk 1:29:21]} f5 {[%clk
1:33:01]} 8. Nc3 {[%clk 1:29:28]} a6 {[%clk 1:33:26]} 9. a3 {[%clk 1:29:15]} Qd6
{[%clk 1:32:44]} 10. Qe2 {[%clk 1:16:32]} Nd7 {[%clk 1:32:18]} 11. O-O-O {[%clk
1:15:19]} b5 {[%clk 1:32:24]} 12. Qe3 {[%clk 0:57:11]} Bb7 {[%clk 1:30:37]} 13.
Be2 {[%clk 0:56:51]} Rg8 {[%clk 1:24:46]} 14. g3 {[%clk 0:54:10]} c5 {[%clk
1:20:52]} 15. Rhe1 {[%clk 0:49:51]} b4 {[%clk 1:17:11]} 16. Na4 {[%clk 0:39:30]}
Rc8 {[%clk 0:49:09]} 17. dxc5 {[%clk 0:23:10]} Qc6 {[%clk 0:48:45]} 18. Qb3
{[%clk 0:23:29]} Nxc5 {[%clk 0:30:55]} 19. Nxc5 {[%clk 0:23:55]} Qxc5 {[%clk
0:30:09]} 20. Nd4 {[%clk 0:21:16]} a5 {[%clk 0:20:06]} 21. a4 {[%clk 0:17:53]}
Kf8 {[%clk 0:15:14]} 22. Qxe6 {[%clk 0:08:38]} fxe6 {[%clk 0:09:22]} 23. Nxe6+
{[%clk 0:09:05]} Kf7 {[%clk 0:09:34]} 24. Nxc5 {[%clk 0:09:27]} Rxc5 {[%clk
0:09:57]} 25. Bh5+ {[%clk 0:09:45]} Kf6 {[%clk 0:10:15]} 26. Rd7 {[%clk 0:09:32]}
Be4 {[%clk 0:10:09]} 27. f3 {[%clk 0:09:20]} Rxc2+ {[%clk 0:09:15]} 28. Kd1
{[%clk 0:09:40]} Rxh2 {[%clk 0:08:55]} 29. fxe4 {[%clk 0:08:05]} Rxh5 {[%clk
0:09:19]} 30. exf5 {[%clk 0:08:21]} Bc5 {[%clk 0:09:30]} 31. Re6+ {[%clk
0:06:38]} Kxf5 {[%clk 0:09:27]} 32. Ra6 {[%clk 0:07:04]} Rh1+ {[%clk 0:07:11]}
33. Kd2 {[%clk 0:05:44]} Rxg3 {[%clk 0:07:18]} 34. Rf7+ {[%clk 0:04:42]} Ke5
{[%clk 0:07:12]} 35. Rxa5 {[%clk 0:04:37]} 0-1

[Event "Irena Warakomska Memorial A"]
[Site "Suwalki"]
[Date "2021.07.28"]
[Round "2"]
[White "Zakrzewski, Marek"]
[Black "Chatalbashev, Boris"]
[Result "0-1"]
[Board "2"]
[WhiteElo "2295"]
[WhiteTitle "FM"]
[WhiteCountry "POL"]
[WhiteFideId "1170694"]
[WhiteEloChange "-4"]
[BlackElo "2535"]
[BlackTitle "GM"]
[BlackCountry "DEN"]
[BlackFideId "2900440"]
[BlackEloChange "2"]

1. e4 {[%clk 1:30:55]} g6 {[%clk 1:30:54]} 2. d4 {[%clk 1:31:19]} Bg7 {[%clk
1:31:20]} 3. Nc3 {[%clk 1:31:40]} c6 {[%clk 1:31:45]} 4. Be3 {[%clk 1:31:59]} d6
{[%clk 1:32:07]} 5. Qd2 {[%clk 1:32:12]} b5 {[%clk 1:32:19]} 6. Bd3 {[%clk
1:30:39]} Nd7 {[%clk 1:31:59]} 7. Nf3 {[%clk 1:30:57]} Qc7 {[%clk 1:32:02]} 8.
Ne2 {[%clk 1:30:55]} Rb8 {[%clk 1:29:12]} 9. O-O {[%clk 1:28:14]} e5 {[%clk
1:27:24]} 10. c4 {[%clk 1:21:24]} bxc4 {[%clk 1:18:46]} 11. Bxc4 {[%clk 1:21:47]}
Ngf6 {[%clk 1:18:57]} 12. dxe5 {[%clk 1:06:19]} dxe5 {[%clk 1:17:53]} 13. Qc2
{[%clk 0:56:08]} O-O {[%clk 1:17:46]} 14. Ng3 {[%clk 0:55:09]} c5 {[%clk
1:07:50]} 15. Rac1 {[%clk 0:52:47]} Bb7 {[%clk 1:05:44]} 16. Bb3 {[%clk 0:50:44]}
Rbc8 {[%clk 1:03:35]} 17. Rfd1 {[%clk 0:47:24]} Ng4 {[%clk 0:54:35]} 18. Bg5
{[%clk 0:44:57]} Nb6 {[%clk 0:54:53]} 19. h3 {[%clk 0:43:22]} Nf6 {[%clk
0:55:17]} 20. Nd2 {[%clk 0:37:46]} Rfd8 {[%clk 0:51:05]} 21. Nc4 {[%clk 0:27:56]}
Rd4 {[%clk 0:49:19]} 22. Be3 {[%clk 0:26:51]} Nxe4 {[%clk 0:44:10]} 23. Bxd4
{[%clk 0:25:51]} Nxg3 {[%clk 0:44:32]} 24. Nxb6 {[%clk 0:15:07]} axb6 {[%clk
0:33:42]} 25. Be3 {[%clk 0:15:17]} Nf5 {[%clk 0:33:44]} 26. Bd5 {[%clk 0:14:54]}
Bxd5 {[%clk 0:27:02]} 27. Rxd5 {[%clk 0:15:20]} Qc6 {[%clk 0:26:29]} 28. Rdd1
{[%clk 0:12:54]} Nh4 {[%clk 0:22:03]} 29. f3 {[%clk 0:12:34]} Nf5 {[%clk
0:22:27]} 30. Bf2 {[%clk 0:10:33]} Nd4 {[%clk 0:19:54]} 31. Qd2 {[%clk 0:08:39]}
c4 {[%clk 0:15:32]} 32. Re1 {[%clk 0:05:39]} b5 {[%clk 0:15:03]} 33. a3 {[%clk
0:05:26]} Nb3 {[%clk 0:14:54]} 34. Qc2 {[%clk 0:05:30]} Nxc1 {[%clk 0:15:08]} 35.
Rxc1 {[%clk 0:05:58]} Rd8 {[%clk 0:14:10]} 36. a4 {[%clk 0:05:26]} bxa4 {[%clk
0:07:42]} 37. Ra1 {[%clk 0:05:24]} Ra8 {[%clk 0:06:58]} 38. Rc1 {[%clk 0:05:49]}
Qb5 {[%clk 0:05:55]} 39. Qxc4 {[%clk 0:04:40]} Qxb2 {[%clk 0:05:33]} 40. Rd1
{[%clk 0:34:56]} Qb3 {[%clk 0:35:03]} 41. Qxb3 {[%clk 0:31:14]} axb3 {[%clk
0:35:21]} 42. Rb1 {[%clk 0:31:42]} Rb8 {[%clk 0:35:40]} 43. Kf1 {[%clk 0:32:07]}
f5 {[%clk 0:33:02]} 44. Ke2 {[%clk 0:32:28]} b2 {[%clk 0:28:50]} 45. Be1 {[%clk
0:32:14]} e4 {[%clk 0:27:42]} 46. fxe4 {[%clk 0:32:39]} fxe4 {[%clk 0:27:15]} 47.
Ke3 {[%clk 0:33:01]} Rc8 {[%clk 0:27:12]} 48. Bd2 {[%clk 0:33:17]} Rc2 {[%clk
0:27:02]} 0-1

[Event "Irena Warakomska Memorial A"]
[Site "Suwalki"]
[Date "2021.07.28"]
[Round "2"]
[White "Rozentalis, Eduardas"]
[Black "Schippers, Maurice"]
[Result "0-1"]
[Board "3"]
[WhiteElo "2520"]
[WhiteTitle "GM"]
[WhiteCountry "LTU"]
[WhiteFideId "12800023"]
[WhiteEloChange "-8"]
[BlackElo "2292"]
[BlackTitle "FM"]
[BlackCountry "NED"]
[BlackFideId "1004735"]
[BlackEloChange "16"]

1. e4 {[%clk 1:30:54]} e6 {[%clk 1:30:43]} 2. d4 {[%clk 1:30:58]} d5 {[%clk
1:30:49]} 3. e5 {[%clk 1:29:35]} c5 {[%clk 1:30:34]} 4. c3 {[%clk 1:28:03]} Nc6
{[%clk 1:30:27]} 5. Nf3 {[%clk 1:28:07]} Qb6 {[%clk 1:29:29]} 6. a3 {[%clk
1:27:36]} Bd7 {[%clk 1:27:59]} 7. b4 {[%clk 1:24:17]} cxd4 {[%clk 1:27:46]} 8.
cxd4 {[%clk 1:24:41]} Nh6 {[%clk 1:25:01]} 9. Nc3 {[%clk 1:17:07]} Nf5 {[%clk
1:16:49]} 10. Na4 {[%clk 1:16:04]} Qc7 {[%clk 1:11:28]} 11. Bb2 {[%clk 1:11:31]}
h5 {[%clk 1:04:31]} 12. Rc1 {[%clk 1:07:05]} a6 {[%clk 0:59:06]} 13. Bd3 {[%clk
1:03:53]} Be7 {[%clk 0:54:27]} 14. O-O {[%clk 1:02:03]} g5 {[%clk 0:43:27]} 15.
Bxf5 {[%clk 0:55:04]} exf5 {[%clk 0:43:11]} 16. Nc5 {[%clk 0:54:55]} Qb6 {[%clk
0:19:31]} 17. Nxd7 {[%clk 0:46:07]} Kxd7 {[%clk 0:19:56]} 18. Rc5 {[%clk
0:46:00]} Bxc5 {[%clk 0:13:59]} 19. dxc5 {[%clk 0:45:06]} Qd8 {[%clk 0:14:24]}
20. Qxd5+ {[%clk 0:43:54]} Ke8 {[%clk 0:14:50]} 21. Qb3 {[%clk 0:40:52]} Rh6
{[%clk 0:11:50]} 22. Re1 {[%clk 0:27:45]} g4 {[%clk 0:10:10]} 23. Qe3 {[%clk
0:26:00]} Rg6 {[%clk 0:10:01]} 24. Nd2 {[%clk 0:26:07]} Qd5 {[%clk 0:09:42]} 25.
Qe2 {[%clk 0:20:38]} h4 {[%clk 0:08:32]} 26. Nc4 {[%clk 0:16:58]} h3 {[%clk
0:06:33]} 27. Ne3 {[%clk 0:15:26]} Qe4 {[%clk 0:05:23]} 28. Qc4 {[%clk 0:12:08]}
Rd8 {[%clk 0:05:20]} 29. Qxe4 {[%clk 0:12:28]} fxe4 {[%clk 0:05:49]} 30. Nc4
{[%clk 0:12:53]} Rd5 {[%clk 0:04:36]} 31. Nd6+ {[%clk 0:09:14]} Kf8 {[%clk
0:04:22]} 32. gxh3 {[%clk 0:08:27]} gxh3+ {[%clk 0:04:23]} 33. Kf1 {[%clk
0:08:56]} Rd2 {[%clk 0:03:27]} 34. Bc1 {[%clk 0:09:03]} Rc2 {[%clk 0:03:25]} 35.
Bh6+ {[%clk 0:06:21]} Rxh6 {[%clk 0:03:31]} 0-1

[Event "Irena Warakomska Memorial A"]
[Site "Suwalki"]
[Date "2021.07.28"]
[Round "2"]
[White "Szadkowski, Kamil"]
[Black "Nasuta, Grzegorz"]
[Result "1-0"]
[Board "4"]
[WhiteElo "2282"]
[WhiteTitle "FM"]
[WhiteCountry "POL"]
[WhiteFideId "1123203"]
[WhiteEloChange "16"]
[BlackElo "2518"]
[BlackTitle "GM"]
[BlackCountry "POL"]
[BlackFideId "1141686"]
[BlackEloChange "-8"]

1. e4 {[%clk 1:30:57]} e5 {[%clk 1:30:54]} 2. Nf3 {[%clk 1:31:20]} Nc6 {[%clk
1:31:20]} 3. Bb5 {[%clk 1:31:34]} Nge7 {[%clk 1:31:40]} 4. d4 {[%clk 1:25:56]}
exd4 {[%clk 1:31:16]} 5. O-O {[%clk 1:24:51]} g6 {[%clk 1:24:15]} 6. c3 {[%clk
1:17:54]} dxc3 {[%clk 1:07:43]} 7. Nxc3 {[%clk 1:17:19]} Bg7 {[%clk 1:08:06]} 8.
Bg5 {[%clk 1:14:36]} O-O {[%clk 0:52:16]} 9. e5 {[%clk 1:03:18]} h6 {[%clk
0:30:24]} 10. Bf6 {[%clk 0:58:05]} d6 {[%clk 0:07:27]} 11. Qa4 {[%clk 0:43:51]}
Be6 {[%clk 0:05:02]} 12. Rad1 {[%clk 0:38:11]} Qc8 {[%clk 0:03:14]} 13. Bxg7
{[%clk 0:13:03]} Kxg7 {[%clk 0:03:42]} 14. Qf4 {[%clk 0:13:27]} dxe5 {[%clk
0:01:31]} 15. Nxe5 {[%clk 0:13:29]} Nxe5 {[%clk 0:01:25]} 16. Qxe5+ {[%clk
0:13:57]} f6 {[%clk 0:01:49]} 17. Qe4 {[%clk 0:13:54]} c6 {[%clk 0:01:53]} 18.
Rd6 {[%clk 0:14:00]} cxb5 {[%clk 0:00:53]} 19. Rxe6 {[%clk 0:14:24]} Nc6 {[%clk
0:00:46]} 20. Nd5 {[%clk 0:12:09]} Re8 {[%clk 0:00:44]} 21. Nf4 {[%clk 0:10:32]}
Rxe6 {[%clk 0:00:48]} 22. Qxg6+ {[%clk 0:10:17]} Kf8 {[%clk 0:01:17]} 23. Qxh6+
{[%clk 0:10:36]} Ke7 {[%clk 0:00:44]} 24. Rd1 {[%clk 0:09:20]} Qg8 {[%clk
0:00:40]} 25. Nxe6 {[%clk 0:07:47]} Kxe6 {[%clk 0:00:37]} 26. Qe3+ {[%clk
0:06:01]} Ne5 {[%clk 0:00:34]} 27. f4 {[%clk 0:06:19]} Rd8 {[%clk 0:00:36]} 28.
Re1 {[%clk 0:06:41]} Rd5 {[%clk 0:00:33]} 29. fxe5 {[%clk 0:07:04]} fxe5 {[%clk
0:01:00]} 30. Qxa7 {[%clk 0:07:01]} Qg4 {[%clk 0:00:32]} 31. Qb6+ {[%clk
0:07:02]} Rd6 {[%clk 0:00:55]} 32. Qxb5 {[%clk 0:07:10]} Qd4+ {[%clk 0:01:21]}
33. Kh1 {[%clk 0:07:35]} e4 {[%clk 0:00:57]} 34. Qxb7 {[%clk 0:07:06]} Rd5 {[%clk
0:00:42]} 35. h3 {[%clk 0:07:05]} Re5 {[%clk 0:00:36]} 36. Rf1 {[%clk 0:06:19]}
e3 {[%clk 0:01:02]} 37. Qf7+ {[%clk 0:05:45]} Kd6 {[%clk 0:01:28]} 38. Rf6+
{[%clk 0:03:28]} Kc5 {[%clk 0:01:54]} 39. Qc7+ {[%clk 0:03:40]} Kb5 {[%clk
0:02:15]} 40. Qb7+ {[%clk 0:33:50]} Kc4 {[%clk 0:32:32]} 41. Qa6+ {[%clk
0:31:59]} Kc5 {[%clk 0:32:29]} 42. Rc6+ {[%clk 0:29:39]} 1-0

[Event "Irena Warakomska Memorial A"]
[Site "Suwalki"]
[Date "2021.07.28"]
[Round "2"]
[White "Laurusas, Tomas"]
[Black "Paszewski, Mateusz"]
[Result "1-0"]
[Board "5"]
[WhiteElo "2518"]
[WhiteTitle "IM"]
[WhiteCountry "LTU"]
[WhiteFideId "12803731"]
[WhiteEloChange "2"]
[BlackElo "2280"]
[BlackTitle "FM"]
[BlackCountry "POL"]
[BlackFideId "1141058"]
[BlackEloChange "-4"]

1. c4 {[%clk 1:30:57]} c6 {[%clk 1:30:51]} 2. Nf3 {[%clk 1:31:20]} d5 {[%clk
1:31:17]} 3. d4 {[%clk 1:31:46]} Nf6 {[%clk 1:31:42]} 4. Qc2 {[%clk 1:32:11]}
dxc4 {[%clk 1:30:33]} 5. Qxc4 {[%clk 1:32:34]} Bf5 {[%clk 1:30:31]} 6. g3 {[%clk
1:32:56]} e6 {[%clk 1:30:45]} 7. Bg2 {[%clk 1:33:20]} Be7 {[%clk 1:30:11]} 8. O-O
{[%clk 1:33:41]} O-O {[%clk 1:30:37]} 9. Nc3 {[%clk 1:34:02]} Nbd7 {[%clk
1:27:59]} 10. Qb3 {[%clk 1:34:24]} Qb6 {[%clk 1:23:55]} 11. Nd2 {[%clk 1:34:00]}
Rfd8 {[%clk 0:38:25]} 12. Nc4 {[%clk 1:34:21]} Qa6 {[%clk 0:38:49]} 13. Rd1
{[%clk 1:25:13]} b5 {[%clk 0:32:13]} 14. Ne3 {[%clk 1:12:49]} Bg6 {[%clk
0:30:07]} 15. Nc2 {[%clk 1:13:13]} Rac8 {[%clk 0:21:40]} 16. e4 {[%clk 1:11:49]}
Qb6 {[%clk 0:16:25]} 17. f3 {[%clk 1:06:51]} a6 {[%clk 0:13:07]} 18. Be3 {[%clk
1:03:50]} c5 {[%clk 0:11:43]} 19. d5 {[%clk 1:02:31]} exd5 {[%clk 0:04:53]} 20.
Nxd5 {[%clk 1:02:56]} Nxd5 {[%clk 0:05:21]} 21. Rxd5 {[%clk 1:03:15]} Nf6 {[%clk
0:04:32]} 22. Rdd1 {[%clk 1:02:08]} Qc7 {[%clk 0:03:37]} 23. Bf1 {[%clk 0:59:15]}
Nd7 {[%clk 0:03:02]} 24. Bh3 {[%clk 0:53:26]} Ra8 {[%clk 0:02:18]} 25. Bf4 {[%clk
0:53:48]} Qa7 {[%clk 0:02:17]} 26. Qd5 {[%clk 0:49:03]} c4+ {[%clk 0:00:59]} 27.
Be3 {[%clk 0:48:51]} Bc5 {[%clk 0:01:19]} 28. Kf2 {[%clk 0:49:15]} Bxe3+ {[%clk
0:00:55]} 29. Nxe3 {[%clk 0:49:39]} Nf8 {[%clk 0:01:16]} 30. Qxd8 {[%clk
0:49:36]} Rxd8 {[%clk 0:01:44]} 31. Rxd8 {[%clk 0:49:57]} Qe7 {[%clk 0:01:25]}
32. Rad1 {[%clk 0:50:18]} Qf6 {[%clk 0:01:16]} 33. Ke2 {[%clk 0:42:51]} Qxb2+
{[%clk 0:01:00]} 34. R1d2 {[%clk 0:43:15]} Qa3 {[%clk 0:00:46]} 35. Rc8 {[%clk
0:43:37]} h6 {[%clk 0:00:33]} 36. Nc2 {[%clk 0:33:45]} Qxa2 {[%clk 0:00:37]} 37.
Ne1 {[%clk 0:33:56]} Qb1 {[%clk 0:00:36]} 38. Rdd8 {[%clk 0:31:40]} Bxe4 {[%clk
0:00:51]} 39. Rxf8+ {[%clk 0:31:45]} Kh7 {[%clk 0:01:20]} 40. fxe4 {[%clk
1:00:32]} Qxe4+ {[%clk 0:31:35]} 41. Kf1 {[%clk 1:00:17]} b4 {[%clk 0:29:18]} 42.
Rxf7 {[%clk 0:52:44]} Qh1+ {[%clk 0:28:59]} 43. Kf2 {[%clk 0:53:08]} Qxh2+ {[%clk
0:29:26]} 44. Bg2 {[%clk 0:53:31]} c3 {[%clk 0:29:38]} 45. Rf5 {[%clk 0:52:40]}
1-0

[Event "Irena Warakomska Memorial A"]
[Site "Suwalki"]
[Date "2021.07.28"]
[Round "2"]
[White "Budrewicz, Krzysztof"]
[Black "Jakubowski, Krzysztof"]
[Result "1/2-1/2"]
[Board "6"]
[WhiteElo "2279"]
[WhiteCountry "POL"]
[WhiteFideId "1127950"]
[WhiteEloChange "6"]
[BlackElo "2497"]
[BlackTitle "GM"]
[BlackCountry "POL"]
[BlackFideId "1112848"]
[BlackEloChange "-3"]

1. d4 {[%clk 1:30:57]} d5 {[%clk 1:30:41]} 2. c4 {[%clk 1:31:08]} c6 {[%clk
1:30:59]} 3. cxd5 {[%clk 1:30:21]} cxd5 {[%clk 1:31:21]} 4. Bg5 {[%clk 1:30:34]}
f6 {[%clk 1:30:42]} 5. Bf4 {[%clk 1:29:33]} Nc6 {[%clk 1:30:34]} 6. Nf3 {[%clk
1:28:19]} g5 {[%clk 1:29:23]} 7. Bc1 {[%clk 1:27:41]} Bf5 {[%clk 1:28:03]} 8. Nc3
{[%clk 1:26:23]} e6 {[%clk 1:27:27]} 9. e3 {[%clk 1:25:35]} Bb4 {[%clk 1:03:30]}
10. Bd2 {[%clk 1:19:20]} Nge7 {[%clk 1:01:35]} 11. a3 {[%clk 1:14:48]} Bd6 {[%clk
1:01:12]} 12. Be2 {[%clk 1:09:32]} Rc8 {[%clk 0:57:43]} 13. b4 {[%clk 1:08:52]}
h5 {[%clk 0:53:31]} 14. Rc1 {[%clk 1:04:42]} Ng6 {[%clk 0:52:28]} 15. h3 {[%clk
1:04:39]} Kf7 {[%clk 0:52:24]} 16. Ng1 {[%clk 0:56:40]} a5 {[%clk 0:44:17]} 17.
b5 {[%clk 0:51:26]} Nce7 {[%clk 0:34:51]} 18. Qb3 {[%clk 0:45:24]} b6 {[%clk
0:30:49]} 19. g3 {[%clk 0:36:20]} g4 {[%clk 0:21:57]} 20. Kd1 {[%clk 0:23:59]}
Bb8 {[%clk 0:18:34]} 21. Be1 {[%clk 0:21:52]} Rc7 {[%clk 0:17:24]} 22. f3 {[%clk
0:15:42]} gxf3 {[%clk 0:15:05]} 23. Nxf3 {[%clk 0:16:06]} Qd6 {[%clk 0:15:29]}
24. Na2 {[%clk 0:10:46]} Rhc8 {[%clk 0:10:54]} 25. Rxc7 {[%clk 0:10:40]} Qxc7
{[%clk 0:11:02]} 26. Nc3 {[%clk 0:10:55]} Be4 {[%clk 0:10:24]} 27. Rg1 {[%clk
0:08:32]} Nf5 {[%clk 0:10:10]} 28. Kd2 {[%clk 0:05:48]} Nd6 {[%clk 0:10:00]} 29.
Rf1 {[%clk 0:04:40]} Kg7 {[%clk 0:09:22]} 30. g4 {[%clk 0:01:57]} hxg4 {[%clk
0:08:42]} 31. hxg4 {[%clk 0:02:23]} Bxf3 {[%clk 0:07:47]} 32. Bxf3 {[%clk
0:02:35]} Nc4+ {[%clk 0:08:00]} 33. Ke2 {[%clk 0:02:51]} Qh2+ {[%clk 0:06:11]}
34. Bf2 {[%clk 0:02:39]} Qh3 {[%clk 0:03:24]} 35. Nb1 {[%clk 0:02:59]} Nh4 {[%clk
0:02:42]} 36. Bxh4 {[%clk 0:03:22]} Qxh4 {[%clk 0:03:10]} 37. Rh1 {[%clk
0:03:39]} Qg5 {[%clk 0:01:56]} 38. Nd2 {[%clk 0:02:50]} Nxd2 {[%clk 0:01:25]} 39.
Kxd2 {[%clk 0:03:15]} Bd6 {[%clk 0:01:43]} 40. Be2 {[%clk 0:31:08]} e5 {[%clk
0:30:37]} 41. Qxd5 {[%clk 0:27:38]} exd4 {[%clk 0:29:54]} 42. Qxd4 {[%clk
0:16:05]} Rd8 {[%clk 0:29:52]} 43. Kc2 {[%clk 0:15:58]} Qc5+ {[%clk 0:30:01]} 44.
Qxc5 {[%clk 0:15:22]} Bxc5 {[%clk 0:30:26]} 45. Bd3 {[%clk 0:14:54]} Bxa3 {[%clk
0:29:09]} 46. Rh7+ {[%clk 0:15:14]} Kg8 {[%clk 0:29:01]} 47. Rc7 {[%clk 0:14:15]}
Kf8 {[%clk 0:26:44]} 48. Rc6 {[%clk 0:11:43]} Rd6 {[%clk 0:26:27]} 1/2-1/2

[Event "Irena Warakomska Memorial A"]
[Site "Suwalki"]
[Date "2021.07.28"]
[Round "2"]
[White "Pultinevicius, Paulius"]
[Black "Luberanski, Jakub"]
[Result "1-0"]
[Board "7"]
[WhiteElo "2492"]
[WhiteTitle "GM"]
[WhiteCountry "LTU"]
[WhiteFideId "12809390"]
[WhiteEloChange "2"]
[BlackElo "2274"]
[BlackTitle "FM"]
[BlackCountry "POL"]
[BlackFideId "21830509"]
[BlackEloChange "-4"]

1. d4 {[%clk 1:30:43]} Nf6 {[%clk 1:30:58]} 2. c4 {[%clk 1:31:09]} e6 {[%clk
1:31:24]} 3. Nf3 {[%clk 1:31:36]} d5 {[%clk 1:31:51]} 4. Nc3 {[%clk 1:31:59]}
dxc4 {[%clk 1:32:17]} 5. e4 {[%clk 1:31:33]} Bb4 {[%clk 1:32:41]} 6. Bg5 {[%clk
1:31:58]} h6 {[%clk 1:32:51]} 7. Bxf6 {[%clk 1:31:37]} Qxf6 {[%clk 1:33:16]} 8.
Bxc4 {[%clk 1:31:11]} c5 {[%clk 1:33:07]} 9. O-O {[%clk 1:31:28]} cxd4 {[%clk
1:33:14]} 10. e5 {[%clk 1:27:03]} Qd8 {[%clk 1:33:19]} 11. Ne4 {[%clk 1:26:40]}
Nc6 {[%clk 1:32:15]} 12. a3 {[%clk 1:25:01]} Be7 {[%clk 1:32:19]} 13. Qe2 {[%clk
1:25:12]} O-O {[%clk 1:30:09]} 14. Rad1 {[%clk 1:19:07]} b6 {[%clk 1:23:48]} 15.
Ng3 {[%clk 1:13:21]} Bb7 {[%clk 1:21:16]} 16. b4 {[%clk 1:11:21]} Rc8 {[%clk
1:12:19]} 17. Bd3 {[%clk 1:01:04]} g6 {[%clk 1:04:36]} 18. Rfe1 {[%clk 0:56:46]}
a5 {[%clk 0:53:09]} 19. b5 {[%clk 0:39:16]} Nb8 {[%clk 0:53:29]} 20. Be4 {[%clk
0:39:21]} Bxe4 {[%clk 0:50:24]} 21. Qxe4 {[%clk 0:35:57]} Bxa3 {[%clk 0:42:50]}
22. Rxd4 {[%clk 0:34:35]} Qe7 {[%clk 0:41:17]} 23. Qf4 {[%clk 0:31:39]} Kg7
{[%clk 0:27:36]} 24. Red1 {[%clk 0:31:47]} Bc5 {[%clk 0:23:18]} 25. R4d3 {[%clk
0:31:42]} Rc7 {[%clk 0:19:45]} 26. Ne4 {[%clk 0:30:54]} Ra7 {[%clk 0:15:59]} 27.
Nf6 {[%clk 0:27:08]} a4 {[%clk 0:13:15]} 28. Ng4 {[%clk 0:20:49]} Rh8 {[%clk
0:12:47]} 29. Qf6+ {[%clk 0:14:22]} Qxf6 {[%clk 0:10:00]} 30. exf6+ {[%clk
0:14:48]} Kg8 {[%clk 0:10:01]} 31. Nxh6+ {[%clk 0:15:12]} Kh7 {[%clk 0:09:49]}
32. Ng4 {[%clk 0:11:58]} g5 {[%clk 0:09:50]} 33. Nfe5 {[%clk 0:12:24]} Bf8 {[%clk
0:08:31]} 34. Rc3 {[%clk 0:10:04]} a3 {[%clk 0:08:12]} 35. Rd8 {[%clk 0:04:59]}
Bh6 {[%clk 0:08:05]} 36. Rxh8+ {[%clk 0:04:40]} Kxh8 {[%clk 0:08:32]} 37. Nxh6
{[%clk 0:04:59]} Nd7 {[%clk 0:07:06]} 38. Nhxf7+ {[%clk 0:04:40]} Kg8 {[%clk
0:07:32]} 39. Rc8+ {[%clk 0:04:10]} Nf8 {[%clk 0:07:57]} 40. Rc1 {[%clk 0:34:34]}
a2 {[%clk 0:38:04]} 41. Ra1 {[%clk 0:35:01]} Ng6 {[%clk 0:36:30]} 42. g3 {[%clk
0:33:35]} Ra5 {[%clk 0:35:58]} 43. Nh6+ {[%clk 0:32:53]} Kh7 {[%clk 0:36:24]} 44.
Nxg6 {[%clk 0:32:35]} Rxb5 {[%clk 0:36:42]} 45. Rxa2 {[%clk 0:32:49]} Kxg6 {[%clk
0:37:05]} 46. f7 {[%clk 0:33:10]} Rb1+ {[%clk 0:37:26]} 47. Kg2 {[%clk 0:33:35]}
Kg7 {[%clk 0:37:35]} 48. Ra8 {[%clk 0:34:01]} 1-0

[Event "Irena Warakomska Memorial A"]
[Site "Suwalki"]
[Date "2021.07.28"]
[Round "2"]
[White "Baum, Jonasz"]
[Black "Licznerski, Lukasz"]
[Result "0-1"]
[Board "8"]
[WhiteElo "2260"]
[WhiteTitle "IM"]
[WhiteCountry "POL"]
[WhiteFideId "1195360"]
[WhiteEloChange "-6"]
[BlackElo "2400"]
[BlackTitle "FM"]
[BlackCountry "POL"]
[BlackFideId "1179250"]
[BlackEloChange "3"]

1. d4 {[%clk 1:30:58]} Nf6 {[%clk 1:22:06]} 2. c4 {[%clk 1:31:22]} g6 {[%clk
1:22:05]} 3. Nc3 {[%clk 1:31:39]} d5 {[%clk 1:22:20]} 4. Bg5 {[%clk 1:31:55]} Ne4
{[%clk 1:17:50]} 5. Bh4 {[%clk 1:31:30]} Nxc3 {[%clk 1:18:04]} 6. bxc3 {[%clk
1:31:55]} dxc4 {[%clk 1:18:31]} 7. e3 {[%clk 1:32:00]} Be6 {[%clk 1:18:05]} 8.
Be2 {[%clk 1:32:01]} Nd7 {[%clk 1:15:04]} 9. Nf3 {[%clk 1:24:40]} Bg7 {[%clk
1:07:44]} 10. O-O {[%clk 1:23:56]} Nb6 {[%clk 1:06:37]} 11. Qc2 {[%clk 0:59:17]}
O-O {[%clk 1:04:45]} 12. Rfb1 {[%clk 0:55:32]} Bf5 {[%clk 0:35:37]} 13. e4 {[%clk
0:55:12]} Bd7 {[%clk 0:36:06]} 14. a4 {[%clk 0:43:24]} a5 {[%clk 0:36:34]} 15.
Nd2 {[%clk 0:41:09]} Qe8 {[%clk 0:37:02]} 16. Nxc4 {[%clk 0:36:42]} Bxa4 {[%clk
0:37:30]} 17. Qa2 {[%clk 0:35:06]} Nxc4 {[%clk 0:37:57]} 18. Qxc4 {[%clk
0:34:20]} b5 {[%clk 0:33:14]} 19. Qc5 {[%clk 0:29:09]} Bf6 {[%clk 0:31:01]} 20.
Bxf6 {[%clk 0:18:52]} exf6 {[%clk 0:31:28]} 21. Qxc7 {[%clk 0:11:16]} Qxe4 {[%clk
0:25:12]} 22. Bf3 {[%clk 0:09:56]} Rac8 {[%clk 0:25:06]} 23. Qxa5 {[%clk
0:09:42]} Qd3 {[%clk 0:25:21]} 24. Rc1 {[%clk 0:06:32]} Qd2 {[%clk 0:16:13]} 25.
h3 {[%clk 0:06:12]} Rc4 {[%clk 0:14:30]} 26. d5 {[%clk 0:01:18]} Rfc8 {[%clk
0:12:29]} 27. Qb6 {[%clk 0:00:37]} Rxc3 {[%clk 0:11:05]} 28. Re1 {[%clk 0:00:38]}
Kg7 {[%clk 0:05:28]} 29. Qd6 {[%clk 0:01:07]} Rc2 {[%clk 0:03:19]} 30. Re2 {[%clk
0:01:12]} Qd4 {[%clk 0:03:06]} 31. Rae1 {[%clk 0:01:06]} Rxe2 {[%clk 0:03:03]}
32. Rxe2 {[%clk 0:01:11]} b4 {[%clk 0:01:17]} 33. Re4 {[%clk 0:00:55]} Qa1+
{[%clk 0:01:44]} 34. Kh2 {[%clk 0:01:21]} b3 {[%clk 0:02:06]} 35. Qa6 {[%clk
0:00:36]} b2 {[%clk 0:02:13]} 36. Rxa4 {[%clk 0:00:51]} Qxa4 {[%clk 0:02:10]} 37.
Qxa4 {[%clk 0:01:16]} b1=Q {[%clk 0:02:34]} 38. Qd4 {[%clk 0:00:48]} Qb8+ {[%clk
0:02:22]} 39. g3 {[%clk 0:01:13]} Qe5 {[%clk 0:02:25]} 40. Qd1 {[%clk 0:30:44]}
Qb2 {[%clk 0:32:00]} 41. Kg2 {[%clk 0:29:58]} Rc2 {[%clk 0:31:16]} 42. Qe1 {[%clk
0:29:52]} Qd4 {[%clk 0:26:46]} 43. h4 {[%clk 0:29:19]} h5 {[%clk 0:24:50]} 44.
Be4 {[%clk 0:27:37]} Rb2 {[%clk 0:22:17]} 45. Bf3 {[%clk 0:27:25]} Ra2 {[%clk
0:21:44]} 46. Qf1 {[%clk 0:26:48]} f5 {[%clk 0:21:54]} 47. Qe1 {[%clk 0:26:39]}
Kh7 {[%clk 0:22:06]} 48. Qf1 {[%clk 0:25:18]} f4 {[%clk 0:22:07]} 49. gxf4 {[%clk
0:25:27]} Qxf4 {[%clk 0:22:22]} 50. Bxh5 {[%clk 0:25:48]} Ra3 {[%clk 0:21:05]}
51. Be2 {[%clk 0:25:09]} Qxh4 {[%clk 0:21:18]} 52. f3 {[%clk 0:24:54]} Ra2 {[%clk
0:21:29]} 53. Qd1 {[%clk 0:24:43]} Qg5+ {[%clk 0:21:00]} 54. Kf2 {[%clk 0:24:49]}
Rd2 {[%clk 0:20:26]} 55. Qh1+ {[%clk 0:25:13]} Kg8 {[%clk 0:20:47]} 0-1